000
00285nam a22001337a 4500
008
170809b xxu||||| |||| 00| 0 eng d
020
_a
3598224044
041
_a
ger
080
_a
004
100
_a
35
101
_a
SHK
245
_a
GRENZE DES COMPUTERS
_c
SAUR,K.G
942
_2
udc
_c
BK
999
_c
23017
_d
23017